Score 0/24 Timer 03:00
0 Plays Today
Film Word % Correct
Singin' in the _____Rain
97.7%
The _____ of the LambsSilence
97.3%
Back to the _____Future
97.1%
Raiders of the _____ ArkLost
96.6%
To Kill a _____Mockingbird
96.5%
_____ KaneCitizen
94.8%
2001: A _____ OdysseySpace
94.4%
_____ HardDie
94.1%
The _____ KnightDark
94.1%
Fight _____Club
92%
A _____ OrangeClockwork
91.4%
The Usual _____Suspects
90.7%
Film Word % Correct
Django _____Unchained
89.7%
12 _____ MenAngry
86.6%
Inside _____Out
78%
Rear _____Window
77.3%
_____ DogsReservoir
77.2%
Pan's _____Labyrinth
71.4%
For a Few _____ MoreDollars
71%
American _____ XHistory
70.5%
The _____ KingLion
69.2%
_____ IndemnityDouble
65.3%
Seven _____Samurai
43.6%
The Lives of _____Others
25.2%

Today's Daily Dose

Remove Ads.
Support Sporcle.
Get the best of Sporcle when you Go Orange. This ad-free experience offers more features, more stats, and more fun while also helping to support Sporcle. Thank you for becoming a member.

You're not logged in!

Compare scores with friends on all Sporcle quizzes.
OR
Log In

Show Comments

Extras

Top Quizzes Today


Score Distribution

Your Account Isn't Verified!

In order to create a playlist on Sporcle, you need to verify the email address you used during registration. Go to your Sporcle Settings to finish the process.

Report this User

Report this user for behavior that violates our Community Guidelines.

Details: